| 000 | 00823nam a2200253 i 4500 | ||
|---|---|---|---|
| 001 | bg | ||
| 100 | 1 | _aGAŁKA, Piotr | |
| 245 | 1 | 0 |
_aPodstawy programowania mikrokontrolera 8051 / _cPiotr Gałka, Paweł Gałka. |
| 250 | _aWyd. 3. | ||
| 260 |
_aWarszawa : _b"Mikom", _c2002. |
||
| 300 |
_a298 s., [1] k. tabl. luzem : _bil. ; _c24 cm + + _eCD-ROM. |
||
| 500 | _aNa okł. podtyt.: pracownia systemów mikroprocesorowych na bazie DSM-51. | ||
| 650 | 9 |
_aMikrokontrolery _xprogramowanie |
|
| 655 | _aPodręczniki | ||
| 700 | 1 | _aGAŁKA, Paweł | |
| 020 | _a8372792682 | ||
| 040 | _cBPK | ||
| 041 | 0 | _apol | |
| 080 | _a004.31:621.3.049.77](07) | ||
| 920 | _a83-7279-268-2 | ||
| 942 | _cKS | ||
| 008 | s pl f |000 0 pol | ||
| 999 |
_c43351 _d43351 |
||
| 856 |
_uhttp://koha.tu.koszalin.pl/cgi-bin/koha/opac-detail.pl?biblionumber=43351 _yKatalog online BPK |
||